[Event "Montcalm op"]
[Site "Quebec CAN"]
[Date "2007.01.05"]
[Round "1"]
[White "Champetier, Serge"]
[Black "Bourassa, Samuel"]
[Result "1-0"]
[WhiteElo "2072"]
[BlackElo "1825"]
[PlyCount "45"]
[GameId "2160767910739455"]
[EventDate "2007.01.05"]
[EventType "swiss"]
[EventRounds "5"]
[EventCountry "CAN"]
[SourceTitle "EXT 2022"]
[Source "ChessBase"]
[SourceDate "2021.10.06"]
[SourceVersion "1"]
[SourceVersionDate "2021.10.06"]
[SourceQuality "1"]

1. d4 Nf6 2. Bg5 e6 3. e4 h6 4. Bxf6 gxf6 5. Nc3 b6 6. Nge2 Na6 7. Ng3 c6 8. Qf3 Nc7 9. O-O-O a5 10. d5 cxd5 11. exd5 Bb7 12. Bc4 Bb4 13. Nge4 f5 14. dxe6 fxe6 15. Qh5+ Ke7 16. Ng3 Kf6 17. Rhe1 Qc8 18. Nxf5 d5 19. Qh4+ Kf7 20. Qh5+ Kf6 21. Nxh6 dxc4 22. Qf7+ Kg5 23. Re5+ 1-0

[Event "Montcalm op"]
[Site "Quebec CAN"]
[Date "2007.01.05"]
[Round "1"]
[White "Vadnais, Michel"]
[Black "Bourassa, Andre"]
[Result "1/2-1/2"]
[WhiteElo "1656"]
[BlackElo "1757"]
[PlyCount "73"]
[GameId "2160767910739456"]
[EventDate "2007.01.05"]
[EventType "swiss"]
[EventRounds "5"]
[EventCountry "CAN"]
[SourceTitle "EXT 2022"]
[Source "ChessBase"]
[SourceDate "2021.10.06"]
[SourceVersion "1"]
[SourceVersionDate "2021.10.06"]
[SourceQuality "1"]

1. e4 c5 2. Nf3 d6 3. c3 Nf6 4. Bd3 Nc6 5. O-O Bg4 6. h3 Ne5 7. Bb5+ Bd7 8. Bxd7+ Nfxd7 9. Nxe5 dxe5 10. d4 exd4 11. cxd4 cxd4 12. Qxd4 e5 13. Qa4 a6 14. Nc3 b5 15. Qc2 Rc8 16. Qe2 Rc4 17. a4 Qb6 18. axb5 axb5 19. Ra8+ Nb8 20. Nxb5 Qxb5 21. Rxb8+ Qxb8 22. Qxc4 Bd6 23. Bd2 Ke7 24. Bc3 Rc8 25. Qd3 Bb4 26. Bxb4+ Qxb4 27. Qa3 Rb8 28. f3 Qxa3 29. bxa3 Ra8 30. Ra1 Kd6 31. Kf2 Kc6 32. Ke3 Ra7 33. Kd3 Kb5 34. h4 Rd7+ 35. Ke3 Ka4 36. Ra2 Rc7 37. Kf2 1/2-1/2

[Event "Montcalm op"]
[Site "Quebec CAN"]
[Date "2007.01.05"]
[Round "2"]
[White "St Amand, Paul Jr"]
[Black "Caire, Francois"]
[Result "1/2-1/2"]
[WhiteElo "2056"]
[BlackElo "2240"]
[PlyCount "24"]
[GameId "2160767910739457"]
[EventDate "2007.01.05"]
[EventType "swiss"]
[EventRounds "5"]
[EventCountry "CAN"]
[SourceTitle "EXT 2022"]
[Source "ChessBase"]
[SourceDate "2021.10.06"]
[SourceVersion "1"]
[SourceVersionDate "2021.10.06"]
[SourceQuality "1"]

1. e4 c5 2. c3 d5 3. exd5 Qxd5 4. d4 Nf6 5. Nf3 e6 6. Nbd2 Nc6 7. Bc4 Qd8 8. Nb3 cxd4 9. Nbxd4 Nxd4 10. Qxd4 Qxd4 11. Nxd4 Be7 12. Bf4 O-O 1/2-1/2

[Event "Montcalm op"]
[Site "Quebec CAN"]
[Date "2007.01.06"]
[Round "2"]
[White "Beaudoin, Stephane"]
[Black "Champetier, Serge"]
[Result "0-1"]
[WhiteElo "1995"]
[BlackElo "2072"]
[PlyCount "72"]
[GameId "2160767910739458"]
[EventDate "2007.01.05"]
[EventType "swiss"]
[EventRounds "5"]
[EventCountry "CAN"]
[SourceTitle "EXT 2022"]
[Source "ChessBase"]
[SourceDate "2021.10.06"]
[SourceVersion "1"]
[SourceVersionDate "2021.10.06"]
[SourceQuality "1"]

1. e4 d5 2. exd5 Qxd5 3. Nc3 Qa5 4. Bc4 Nf6 5. Nge2 e5 6. O-O Bg4 7. h3 Bh5 8. d4 Nbd7 9. dxe5 Qxe5 10. Bf4 Qc5 11. Bb3 g5 12. Be3 Qa5 13. Qe1 O-O-O 14. Nd4 c6 15. Nce2 Bb4 16. c3 Bd6 17. Bc2 Rde8 18. Qd2 Bc7 19. Nf5 Nd5 20. b4 Qa3 21. Bb3 Bxe2 22. Qxe2 Nxc3 23. Qc2 Qxb4 24. Bxf7 Re5 25. Bd4 Ne2+ 26. Kh1 Nxd4 27. Nxd4 Qxd4 28. Rad1 Qf4 29. Qb3 Rd5 30. g3 Qxf7 31. Rb1 Nb6 32. a4 Rf8 33. a5 Rxa5 34. Qb4 Qf3+ 35. Kg1 Rb5 36. Rb3 Rxb4 0-1

[Event "Montcalm op"]
[Site "Quebec CAN"]
[Date "2007.01.06"]
[Round "2"]
[White "Bourassa, Samuel"]
[Black "Caron, Sebastien"]
[Result "1-0"]
[WhiteElo "1825"]
[BlackElo "1917"]
[PlyCount "60"]
[GameId "2160767910739459"]
[EventDate "2007.01.05"]
[EventType "swiss"]
[EventRounds "5"]
[EventCountry "CAN"]
[SourceTitle "EXT 2022"]
[Source "ChessBase"]
[SourceDate "2021.10.06"]
[SourceVersion "1"]
[SourceVersionDate "2021.10.06"]
[SourceQuality "1"]

1. e4 c5 2. Nf3 d6 3. d4 cxd4 4. Nxd4 Nf6 5. Nc3 a6 6. a4 e6 7. Be3 Qc7 8. Be2 Nbd7 9. f4 b6 10. O-O Bb7 11. Bf3 Be7 12. Qe2 O-O 13. g4 Rac8 14. g5 Ne8 15. Bg2 g6 16. f5 exf5 17. exf5 Ne5 18. f6 Bd8 19. Bh3 Ra8 20. Rf4 Qc4 21. Qf2 Nc6 22. Ne6 Qxf4 23. Nxf4 Ne5 24. Ncd5 Nc7 25. Bg2 Ng4 26. Qh4 Nxe3 27. Nxe3 Bxg2 28. Nexg2 Kh8 29. Ra3 h5 30. Nxh5 Rg8 1-0

[Event "Montcalm op"]
[Site "Quebec CAN"]
[Date "2007.01.06"]
[Round "2"]
[White "Dion, Jean-Francois"]
[Black "Archambault, Serge"]
[Result "0-1"]
[WhiteElo "1905"]
[BlackElo "1801"]
[PlyCount "112"]
[GameId "2160767910739460"]
[EventDate "2007.01.05"]
[EventType "swiss"]
[EventRounds "5"]
[EventCountry "CAN"]
[SourceTitle "EXT 2022"]
[Source "ChessBase"]
[SourceDate "2021.10.06"]
[SourceVersion "1"]
[SourceVersionDate "2021.10.06"]
[SourceQuality "1"]

1. f4 d5 2. Nf3 g6 3. e3 Bg7 4. Be2 Nd7 5. O-O e5 6. fxe5 Nxe5 7. d3 Nh6 8. Nxe5 Bxe5 9. Qe1 Qd6 10. h3 Nf5 11. Rxf5 Bxf5 12. Nc3 c6 13. Bf3 Qf6 14. Bd2 O-O-O 15. a4 Bxh3 16. Kh1 h5 17. Qf1 Bg4 18. Be1 Bxf3 19. gxf3 g5 20. d4 Bc7 21. b4 g4 22. f4 Rde8 23. Bf2 g3 24. Bg1 Qh4+ 25. Kg2 Qg4 26. Qe2 Reg8 27. Qxg4+ Rxg4 28. b5 h4 29. Kh3 f5 30. Nb1 g2 31. Nd2 Rg3+ 32. Kh2 Ba5 33. Nb3 Bd8 34. Nc5 Be7 35. Nd3 Rg7 36. Kh3 cxb5 37. axb5 Kb8 38. Re1 Rc8 39. Re2 Rcg8 40. Ne1 Rg3+ 41. Kh2 h3 42. Nd3 R3g7 43. Nf2 Rh7 44. c3 Kc7 45. Rc2 Bh4 46. Nxh3 Bg3+ 47. Kxg2 Bxf4+ 48. Kf1 Rxh3 49. exf4 Rh1 50. Rg2 Rxg1+ 51. Rxg1 Rxg1+ 52. Kxg1 Kb6 53. Kf2 Kxb5 54. Ke2 Kc4 55. Kd2 a5 56. Kc2 a4 0-1

[Event "Montcalm op"]
[Site "Quebec CAN"]
[Date "2007.01.06"]
[Round "2"]
[White "Monga, Alain"]
[Black "Bourassa, Andre"]
[Result "0-1"]
[WhiteElo "1679"]
[BlackElo "1757"]
[PlyCount "62"]
[GameId "2160767910739461"]
[EventDate "2007.01.05"]
[EventType "swiss"]
[EventRounds "5"]
[EventCountry "CAN"]
[SourceTitle "EXT 2022"]
[Source "ChessBase"]
[SourceDate "2021.10.06"]
[SourceVersion "1"]
[SourceVersionDate "2021.10.06"]
[SourceQuality "1"]

1. e4 c5 2. Nf3 d6 3. d4 cxd4 4. Nxd4 Nf6 5. Nc3 a6 6. Bg5 e5 7. Nb3 Be6 8. f4 exf4 9. e5 dxe5 10. Qxd8+ Kxd8 11. Bxf6+ gxf6 12. O-O-O+ Nd7 13. Nd5 Kc8 14. Be2 b6 15. Rd3 Kb7 16. Bf3 Ka7 17. Nc7 Bf5 18. Rxd7 Bxd7 19. Nxa8 f5 20. Rd1 Bc8 21. Nc7 e4 22. Bh5 Kb7 23. Nd5 Bh6 24. Rf1 f3+ 25. Kd1 fxg2 26. Rg1 Be6 27. c4 Rg8 28. Ke1 Bxd5 29. cxd5 Be3 30. Rxg2 Rxg2 31. Bxf7 f4 0-1

[Event "Montcalm op"]
[Site "Quebec CAN"]
[Date "2007.01.06"]
[Round "2"]
[White "Tremblay, Rejean"]
[Black "Sauve, Richard"]
[Result "0-1"]
[WhiteElo "2298"]
[BlackElo "2018"]
[PlyCount "113"]
[GameId "2160767910739462"]
[EventDate "2007.01.05"]
[EventType "swiss"]
[EventRounds "5"]
[EventCountry "CAN"]
[SourceTitle "EXT 2022"]
[Source "ChessBase"]
[SourceDate "2021.10.06"]
[SourceVersion "1"]
[SourceVersionDate "2021.10.06"]
[SourceQuality "1"]

1. e4 e6 2. d4 d5 3. Nc3 Nf6 4. Bg5 Bb4 5. e5 h6 6. Bd2 Bxc3 7. bxc3 Ne4 8. Qg4 g6 9. h4 c5 10. Bd3 Nxd2 11. Kxd2 Qa5 12. Nf3 Nc6 13. Rhe1 Bd7 14. Rab1 cxd4 15. Nxd4 Nxd4 16. Qxd4 b6 17. Qb4 Qxb4 18. Rxb4 Ke7 19. Re3 Rhc8 20. Rf4 Rc5 21. Ref3 Be8 22. a4 a6 23. h5 gxh5 24. Rh4 Ra5 25. Rff4 Bc6 26. Be2 Rg8 27. Bxh5 Be8 28. Rb4 Rxg2 29. Be2 Rxf2 30. Rxb6 Rxa4 31. Rxa4 Bxa4 32. Ke3 Rf5 33. Kd4 Rf4+ 34. Kc5 Bxc2 35. Bxa6 Kf8 36. c4 dxc4 37. Bxc4 Re4 38. Bxe6 fxe6 39. Rxe6 h5 40. Rf6+ Ke7 41. Kd5 Ra4 42. Rh6 Ra5+ 43. Kd4 Bd1 44. Ke4 Ra8 45. Rh7+ Ke6 46. Rh6+ Kf7 47. Kf5 Bg4+ 48. Kg5 Rg8+ 49. Kh4 Re8 50. Rf6+ Kg7 51. Ra6 Rxe5 52. Ra7+ Kf6 53. Ra6+ Kf5 54. Ra3 Be2 55. Ra2 Re4+ 56. Kh3 Kf4 57. Kg2 0-1

[Event "Montcalm op"]
[Site "Quebec CAN"]
[Date "2007.01.06"]
[Round "3"]
[White "Archambault, Serge"]
[Black "Beaudoin, Stephane"]
[Result "1/2-1/2"]
[WhiteElo "1801"]
[BlackElo "1995"]
[PlyCount "80"]
[GameId "2160767910739463"]
[EventDate "2007.01.05"]
[EventType "swiss"]
[EventRounds "5"]
[EventCountry "CAN"]
[SourceTitle "EXT 2022"]
[Source "ChessBase"]
[SourceDate "2021.10.06"]
[SourceVersion "1"]
[SourceVersionDate "2021.10.06"]
[SourceQuality "1"]

1. d4 Nf6 2. c4 g6 3. Nc3 Bg7 4. e4 d6 5. f4 O-O 6. Be2 c5 7. dxc5 Qa5 8. Bd2 Qxc5 9. Rb1 Bd7 10. b4 Qc7 11. Nd5 Qd8 12. Nxf6+ Bxf6 13. Be3 Nc6 14. Nf3 Rc8 15. O-O b6 16. Qd2 Qc7 17. Rfd1 Rfd8 18. Qe1 Bg4 19. Qf2 Bxf3 20. Qxf3 Bc3 21. a3 e5 22. f5 Bd4 23. f6 Qd7 24. b5 Na5 25. Bxd4 exd4 26. Rxd4 Qe8 27. Qf4 Qf8 28. Rbd1 Nb7 29. h4 Re8 30. h5 Nc5 31. hxg6 hxg6 32. Bg4 Rcd8 33. Kf2 d5 34. cxd5 Nb3 35. R4d3 Qxa3 36. Qh6 Qb2+ 37. Kg1 Qxf6 38. Rxb3 Rxe4 39. Rf3 Qe5 40. Qh4 Rxd5 1/2-1/2

[Event "Montcalm op"]
[Site "Quebec CAN"]
[Date "2007.01.06"]
[Round "3"]
[White "Auger, Bertrand"]
[Black "Bourassa, Samuel"]
[Result "0-1"]
[WhiteElo "1996"]
[BlackElo "1825"]
[PlyCount "104"]
[GameId "2160767910739464"]
[EventDate "2007.01.05"]
[EventType "swiss"]
[EventRounds "5"]
[EventCountry "CAN"]
[SourceTitle "EXT 2022"]
[Source "ChessBase"]
[SourceDate "2021.10.06"]
[SourceVersion "1"]
[SourceVersionDate "2021.10.06"]
[SourceQuality "1"]

1. Nf3 Nf6 2. g3 g6 3. b4 Bg7 4. Bb2 d5 5. Bg2 c6 6. O-O Bg4 7. d3 Qd6 8. a3 Nbd7 9. Nbd2 e5 10. c4 O-O 11. h3 Be6 12. c5 Qc7 13. Ng5 Rae8 14. Qb3 h6 15. Nxe6 Rxe6 16. e4 d4 17. f4 Nh5 18. f5 Rf6 19. Rf3 Kh7 20. Raf1 g5 21. Rc1 Rb8 22. Qd1 Bf8 23. Rf2 Ng7 24. Bf3 b6 25. cxb6 axb6 26. Nf1 c5 27. b5 Rd6 28. Rfc2 Nf6 29. Nd2 Qe7 30. Nc4 Rd7 31. Ra1 Nge8 32. a4 Nd6 33. Nxd6 Rxd6 34. Ba3 Ra8 35. Bc1 Rd7 36. Bd2 Rda7 37. Rca2 Ne8 38. Qb3 Nd6 39. a5 Qd7 40. axb6 Rxa2 41. Rxa2 Rxa2 42. Qxa2 Qxb5 43. Qa5 Qxd3 44. Bg2 Kg8 45. Be1 Qe2 46. Qd2 Qb5 47. Qa5 Qb1 48. Kh2 Nc4 49. Qa7 Nxb6 50. Qb8 Qxe1 51. Qxb6 d3 52. Qb3 c4 0-1

[Event "Montcalm op"]
[Site "Quebec CAN"]
[Date "2007.01.06"]
[Round "3"]
[White "Caire, Francois"]
[Black "Sarra-Bournet, Marc"]
[Result "1-0"]
[WhiteElo "2240"]
[BlackElo "1736"]
[PlyCount "47"]
[GameId "2160767910739466"]
[EventDate "2007.01.05"]
[EventType "swiss"]
[EventRounds "5"]
[EventCountry "CAN"]
[SourceTitle "EXT 2022"]
[Source "ChessBase"]
[SourceDate "2021.10.06"]
[SourceVersion "1"]
[SourceVersionDate "2021.10.06"]
[SourceQuality "1"]

1. d4 d5 2. Nf3 Nf6 3. c4 e6 4. Nc3 c6 5. e3 Bd6 6. Bd3 O-O 7. O-O Nbd7 8. e4 dxe4 9. Nxe4 Nxe4 10. Bxe4 Re8 11. Bg5 Be7 12. Bf4 Bf6 13. Ne5 Nxe5 14. dxe5 Be7 15. Qe2 Qc7 16. Rad1 b6 17. Rd3 g6 18. Rfd1 Rb8 19. Rd6 Bb7 20. Rd7 Qc8 21. Qf3 a5 22. Bg5 c5 23. Bxb7 Rxb7 24. Rxb7 1-0

[Event "Montcalm op"]
[Site "Quebec CAN"]
[Date "2007.01.06"]
[Round "3"]
[White "Sauve, Richard"]
[Black "Gottlieb, Jonathan"]
[Result "0-1"]
[WhiteElo "2018"]
[BlackElo "2101"]
[PlyCount "100"]
[GameId "2160767910739467"]
[EventDate "2007.01.05"]
[EventType "swiss"]
[EventRounds "5"]
[EventCountry "CAN"]
[SourceTitle "EXT 2022"]
[Source "ChessBase"]
[SourceDate "2021.10.06"]
[SourceVersion "1"]
[SourceVersionDate "2021.10.06"]
[SourceQuality "1"]

1. d4 d5 2. c4 e6 3. Nc3 c5 4. cxd5 exd5 5. Nf3 Nc6 6. g3 Nf6 7. Bg2 Be7 8. O-O O-O 9. Bf4 c4 10. Ne5 Bf5 11. e3 Qa5 12. Qa4 Qxa4 13. Nxa4 Nxe5 14. Bxe5 Rfd8 15. Bxf6 Bxf6 16. Nc3 Be6 17. h3 Be7 18. a3 Rab8 19. h4 b5 20. Ne2 f6 21. Nf4 Bf7 22. Bh3 Rb6 23. Bg2 Rd7 24. Bh3 Rd8 25. Bg2 a5 26. Ra2 Rd7 27. Rfa1 Rd8 28. Bh3 Rdd6 29. Bg2 Rd7 30. Kf1 g6 31. Ke1 Bf8 32. Kd1 Kg7 33. Ne2 g5 34. hxg5 fxg5 35. Kd2 b4 36. axb4 Bxb4+ 37. Nc3 Rdb7 38. Kc1 Bxc3 39. bxc3 Rb3 40. Ra3 Rxa3 41. Rxa3 Rb5 42. Ra2 h5 43. Rb2 Rb3 44. Ra2 Rxc3+ 45. Kd2 Rb3 46. Rxa5 Bg6 47. Bxd5 c3+ 48. Ke2 Rb2+ 49. Kf3 c2 50. Rc5 Rb1 0-1

[Event "Montcalm op"]
[Site "Quebec CAN"]
[Date "2007.01.07"]
[Round "4"]
[White "Bourassa, Samuel"]
[Black "Lessard, Claude"]
[Result "1-0"]
[WhiteElo "1825"]
[BlackElo "2013"]
[PlyCount "51"]
[GameId "2160767910739468"]
[EventDate "2007.01.05"]
[EventType "swiss"]
[EventRounds "5"]
[EventCountry "CAN"]
[SourceTitle "EXT 2022"]
[Source "ChessBase"]
[SourceDate "2021.10.06"]
[SourceVersion "1"]
[SourceVersionDate "2021.10.06"]
[SourceQuality "1"]

1. e4 c5 2. Nf3 d6 3. d4 cxd4 4. Nxd4 Nf6 5. Nc3 g6 6. f4 Nc6 7. Be2 Nxd4 8. Qxd4 Bg7 9. O-O O-O 10. Qf2 Qa5 11. Qh4 Bd7 12. Bf3 Qc5+ 13. Kh1 Rac8 14. g4 Bc6 15. g5 Nd7 16. Bd2 Nb6 17. f5 Nc4 18. Bc1 gxf5 19. Qh3 Ne5 20. Qxf5 Nxf3 21. Qxf3 Bxc3 22. bxc3 f5 23. gxf6 Rxf6 24. Qg4+ Rg6 25. Qxc8+ Kg7 26. Qf8# 1-0

[Event "Montcalm op"]
[Site "Quebec CAN"]
[Date "2007.01.07"]
[Round "4"]
[White "Gottlieb, Jonathan"]
[Black "Caire, Francois"]
[Result "1-0"]
[WhiteElo "2240"]
[BlackElo "2101"]
[PlyCount "85"]
[GameId "2160767910739469"]
[EventDate "2007.01.05"]
[EventType "swiss"]
[EventRounds "5"]
[EventCountry "CAN"]
[SourceTitle "EXT 2022"]
[Source "ChessBase"]
[SourceDate "2021.10.06"]
[SourceVersion "1"]
[SourceVersionDate "2021.10.06"]
[SourceQuality "1"]

1. e4 c5 2. Nf3 Nc6 3. d4 cxd4 4. Nxd4 Nf6 5. Nc3 e5 6. Ndb5 d6 7. Bg5 a6 8. Na3 b5 9. Nd5 Be7 10. Bxf6 Bxf6 11. c3 Bg5 12. Nc2 O-O 13. a4 bxa4 14. Rxa4 a5 15. Bb5 Ne7 16. Ncb4 Bh3 17. Nxe7+ Qxe7 18. Nd5 Qb7 19. Be2 Be6 20. Ra2 f5 21. Bf3 Bxd5 22. Qxd5+ Qxd5 23. exd5 e4 24. Be2 f4 25. f3 e3 26. Bb5 Bd8 27. Ke2 g5 28. g4 fxg3 29. hxg3 Ra7 30. Bd3 Bb6 31. Rh5 Rg7 32. Rh6 Rd8 33. Ra4 Rb8 34. b3 Bc5 35. Bc2 Bb6 36. Rc4 Bc5 37. Rg4 Re8 38. b4 axb4 39. cxb4 Ba7 40. f4 gxf4 41. Bxh7+ Kf8 42. Rf6+ Ke7 43. Re6+ 1-0

[Event "Montcalm op"]
[Site "Quebec CAN"]
[Date "2007.01.07"]
[Round "4"]
[White "Sarra-Bournet, Marc"]
[Black "Archambault, Serge"]
[Result "0-1"]
[WhiteElo "1736"]
[BlackElo "1801"]
[PlyCount "116"]
[GameId "2160767910739470"]
[EventDate "2007.01.05"]
[EventType "swiss"]
[EventRounds "5"]
[EventCountry "CAN"]
[SourceTitle "EXT 2022"]
[Source "ChessBase"]
[SourceDate "2021.10.06"]
[SourceVersion "1"]
[SourceVersionDate "2021.10.06"]
[SourceQuality "1"]

1. e4 c5 2. Nc3 Nc6 3. f4 e5 4. fxe5 Nxe5 5. Nf3 d6 6. Nxe5 dxe5 7. Bc4 Nf6 8. d3 Be7 9. O-O O-O 10. Bd2 a6 11. a4 Qb6 12. Rb1 Be6 13. Bxe6 Qxe6 14. Rf5 c4 15. Qf3 cxd3 16. cxd3 Rad8 17. Bg5 Ne8 18. Bxe7 Qxe7 19. Nd5 Qc5+ 20. Kh1 Qd6 21. Rf1 Rd7 22. Qg3 f6 23. Rc1 Nc7 24. d4 Nxd5 25. exd5 Qxd5 26. dxe5 fxe5 27. Rxe5 Qd1+ 28. Re1 Qxa4 29. Qe5 Qb3 30. Qe6+ Qxe6 31. Rxe6 Rf2 32. Rb6 h6 33. b4 Kf7 34. Kg1 Rf6 35. Rf1 Rxf1+ 36. Kxf1 Ke7 37. Ke2 Kd8 38. Ke3 Kc7 39. Rg6 b6 40. h4 Kb7 41. g3 a5 42. bxa5 bxa5 43. Rg4 Kb6 44. Re4 Kb5 45. Re5+ Kb4 46. Re4+ Kb3 47. Re5 a4 48. Rb5+ Kc4 49. Ra5 Kb4 50. Ra8 a3 51. Rb8+ Kc3 52. Rc8+ Kb2 53. Rb8+ Ka1 54. g4 a2 55. Rb4 Rd1 56. h5 Rb1 57. Ra4 Rb3+ 58. Kd2 Kb2 0-1

[Event "Montcalm op"]
[Site "Quebec CAN"]
[Date "2007.01.07"]
[Round "5"]
[White "Champetier, Serge"]
[Black "Caire, Francois"]
[Result "0-1"]
[WhiteElo "2072"]
[BlackElo "2240"]
[PlyCount "46"]
[GameId "2160767910739471"]
[EventDate "2007.01.05"]
[EventType "swiss"]
[EventRounds "5"]
[EventCountry "CAN"]
[SourceTitle "EXT 2022"]
[Source "ChessBase"]
[SourceDate "2021.10.06"]
[SourceVersion "1"]
[SourceVersionDate "2021.10.06"]
[SourceQuality "1"]

1. d4 Nf6 2. Bg5 d5 3. Bxf6 exf6 4. c4 dxc4 5. Nc3 c6 6. e4 b5 7. a4 Bb4 8. axb5 cxb5 9. Be2 Bb7 10. Bf3 Qe7 11. Qc2 O-O 12. Nge2 f5 13. exf5 Bxf3 14. gxf3 Bxc3+ 15. bxc3 Re8 16. Rg1 Nc6 17. Kf1 Qh4 18. Qd2 Qh3+ 19. Rg2 Qxf5 20. Kg1 Qxf3 21. Qg5 g6 22. Ng3 Qxc3 23. Rf1 Nxd4 0-1

[Event "Montcalm op"]
[Site "Quebec CAN"]
[Date "2007.01.07"]
[Round "5"]
[White "Sauve, Richard"]
[Black "Bourassa, Samuel"]
[Result "0-1"]
[WhiteElo "2018"]
[BlackElo "1825"]
[PlyCount "110"]
[GameId "2160767910739472"]
[EventDate "2007.01.05"]
[EventType "swiss"]
[EventRounds "5"]
[EventCountry "CAN"]
[SourceTitle "EXT 2022"]
[Source "ChessBase"]
[SourceDate "2021.10.06"]
[SourceVersion "1"]
[SourceVersionDate "2021.10.06"]
[SourceQuality "1"]

1. d4 Nf6 2. c4 g6 3. Nc3 Bg7 4. e4 d6 5. f3 O-O 6. Be3 Nbd7 7. Bd3 c6 8. Nge2 e5 9. d5 Nh5 10. Qd2 f5 11. O-O-O f4 12. Bf2 Nhf6 13. Kb1 Qc7 14. dxc6 bxc6 15. Bc2 Ne8 16. Na4 Ndf6 17. c5 d5 18. Bb3 Be6 19. Nec3 Rd8 20. Qe2 Qf7 21. exd5 cxd5 22. c6 Nc7 23. Nc5 Rfe8 24. Nxe6 Qxe6 25. Rc1 Kh8 26. Ka1 Qe7 27. Nb5 e4 28. Bc5 Qe5 29. Bd4 Qe7 30. Bc5 Qe5 31. Bd4 Qe7 32. fxe4 dxe4 33. Bc5 Qe5 34. Nxc7 Qxc7 35. Rhd1 Rxd1 36. Qxd1 Rd8 37. Qe1 e3 38. g3 g5 39. gxf4 gxf4 40. Ba3 Ne4 41. Qb4 Nd2 42. Qb7 Be5 43. Qxc7 Bxc7 44. Be7 Nxb3+ 45. axb3 Re8 46. Bg5 e2 47. Bh4 Kg7 48. Ka2 Kg6 49. Bf2 Kf5 50. Be1 Bb6 51. Rc2 f3 52. Rc3 Ke4 53. Rc4+ Kd5 54. c7 Rc8 55. Rf4 f2 0-1

[Event "Montcalm-ch"]
[Site "Quebec CAN"]
[Date "2007.05.03"]
[Round "1"]
[White "Auger, Bertrand"]
[Black "Audet-Bouchard, Nicolas"]
[Result "0-1"]
[WhiteElo "2032"]
[BlackElo "2262"]
[PlyCount "92"]
[GameId "2160767910684696"]
[EventDate "2007.05.03"]
[EventType "tourn"]
[EventRounds "5"]
[EventCountry "CAN"]
[SourceTitle "EXT 2022"]
[Source "ChessBase"]
[SourceDate "2021.10.06"]
[SourceVersion "1"]
[SourceVersionDate "2021.10.06"]
[SourceQuality "1"]

1. Nf3 Nf6 2. g3 c5 3. Bg2 d5 4. O-O Nc6 5. d4 cxd4 6. Nxd4 e6 7. c4 Bc5 8. Nb3 Be7 9. cxd5 exd5 10. Be3 O-O 11. Nc3 Be6 12. h3 b6 13. Nd4 Nxd4 14. Bxd4 Qd7 15. Bxf6 Bxf6 16. Nxd5 Bxb2 17. Rb1 Be5 18. Kh2 Rad8 19. Nb4 Qc7 20. Qa4 Rd4 21. Qc6 Rc4 22. Qxc7 Rxc7 23. Rfc1 Rfc8 24. Rxc7 Rxc7 25. Rd1 Bf6 26. Rd2 Rc1 27. Nd5 h6 28. f4 Bd8 29. h4 b5 30. e4 g6 31. Bf3 Ba5 32. Rb2 a6 33. Ne7+ Kf8 34. f5 Kxe7 35. fxe6 Kxe6 36. Bg4+ Ke5 37. Re2 Bb6 38. Bd7 f6 39. Be8 g5 40. h5 Rc4 41. Bg6 b4 42. Rd2 Bd4 43. Kg2 a5 44. Kf3 a4 45. Bf7 Rc3+ 46. Ke2 Rxg3 0-1

[Event "Montcalm-ch"]
[Site "Quebec CAN"]
[Date "2007.05.03"]
[Round "1"]
[White "Perreault, Jacquelin"]
[Black "Berube, Antoine"]
[Result "1/2-1/2"]
[WhiteElo "1843"]
[BlackElo "2182"]
[PlyCount "96"]
[GameId "2160767910684697"]
[EventDate "2007.05.03"]
[EventType "tourn"]
[EventRounds "5"]
[EventCountry "CAN"]
[SourceTitle "EXT 2022"]
[Source "ChessBase"]
[SourceDate "2021.10.06"]
[SourceVersion "1"]
[SourceVersionDate "2021.10.06"]
[SourceQuality "1"]

1. e4 c5 2. Nf3 d6 3. d4 cxd4 4. Nxd4 Nf6 5. Nc3 a6 6. Bc4 e6 7. Bb3 Nbd7 8. O-O Nc5 9. Re1 Be7 10. Qf3 O-O 11. Qg3 Kh8 12. f3 Bd7 13. Bg5 b5 14. Rad1 Qb6 15. Be3 b4 16. Na4 Qb7 17. Nxc5 dxc5 18. Ne2 Bb5 19. c4 bxc3 20. Nxc3 c4 21. Bc2 Bc6 22. b3 cxb3 23. Bxb3 Bb4 24. Bd2 Rfd8 25. Qf2 Rd3 26. Na4 Rad8 27. Bxb4 Rxd1 28. Rxd1 Rxd1+ 29. Bxd1 Qxb4 30. Nb2 Qc3 31. Bb3 a5 32. Nd1 Qb4 33. Qe3 h5 34. g3 Nd7 35. Qc3 Qb6+ 36. Kg2 Qc5 37. Qxc5 Nxc5 38. Bc4 g5 39. Nc3 g4 40. Bb5 Bb7 41. Kf2 Kg7 42. fxg4 hxg4 43. Be2 Nxe4+ 44. Nxe4 Bxe4 45. Bxg4 Kf6 46. Ke3 Ke5 47. h4 Bb1 48. a3 Bc2 1/2-1/2

[Event "Montcalm-ch"]
[Site "Quebec CAN"]
[Date "2007.05.03"]
[Round "1"]
[White "Sauve, Richard"]
[Black "Lessard, Claude"]
[Result "1/2-1/2"]
[WhiteElo "2000"]
[BlackElo "2069"]
[PlyCount "104"]
[GameId "2160767910684698"]
[EventDate "2007.05.03"]
[EventType "tourn"]
[EventRounds "5"]
[EventCountry "CAN"]
[SourceTitle "EXT 2022"]
[Source "ChessBase"]
[SourceDate "2021.10.06"]
[SourceVersion "1"]
[SourceVersionDate "2021.10.06"]
[SourceQuality "1"]

1. d4 Nf6 2. c4 g6 3. Nc3 Bg7 4. e4 d6 5. f3 O-O 6. Be3 Nbd7 7. Qd2 c5 8. Nge2 a6 9. Ng3 Qa5 10. Be2 cxd4 11. Bxd4 b5 12. cxb5 axb5 13. Nxb5 Qxd2+ 14. Kxd2 Nc5 15. Rhc1 Ne6 16. Be3 d5 17. Rc2 dxe4 18. fxe4 Bb7 19. Bf3 Rfd8+ 20. Ke1 h5 21. Nc3 Ne8 22. Nd5 Kf8 23. Ne2 Nd6 24. Nb6 Rab8 25. Nc3 Bxc3+ 26. Rxc3 Nxe4 27. Rc2 Rd3 28. Bg1 Nd4 29. Bxd4 Rxd4 30. Rd1 Rxd1+ 31. Kxd1 Ke8 32. a4 h4 33. h3 f5 34. b4 Ba6 35. Bxe4 fxe4 36. a5 Rd8+ 37. Rd2 Bd3 38. Ke1 Rd6 39. Na4 Rf6 40. Rf2 Rd6 41. Nc5 Bb5 42. Rf4 e3 43. Re4 Rd2 44. Rxe3 Ra2 45. Re4 Rxg2 46. Rxh4 Rb2 47. Rg4 Kf7 48. h4 e5 49. Ne4 Bd7 50. Ng5+ Kf6 51. Rc4 Bb5 52. Re4 Bc6 1/2-1/2

[Event "Montcalm-ch"]
[Site "Quebec CAN"]
[Date "2007.05.10"]
[Round "2"]
[White "Berube, Antoine"]
[Black "Audet-Bouchard, Nicolas"]
[Result "0-1"]
[WhiteElo "2182"]
[BlackElo "2262"]
[PlyCount "52"]
[GameId "2160767910684699"]
[EventDate "2007.05.03"]
[EventType "tourn"]
[EventRounds "5"]
[EventCountry "CAN"]
[SourceTitle "EXT 2022"]
[Source "ChessBase"]
[SourceDate "2021.10.06"]
[SourceVersion "1"]
[SourceVersionDate "2021.10.06"]
[SourceQuality "1"]

1. d4 Nf6 2. c4 e6 3. Nc3 Bb4 4. Nf3 c5 5. g3 cxd4 6. Nxd4 Ne4 7. Qc2 Qa5 8. Ndb5 Nxc3 9. Nxc3 Bxc3+ 10. Qxc3 Qxc3+ 11. bxc3 b6 12. Bg2 Nc6 13. a4 Bb7 14. c5 bxc5 15. Rb1 O-O-O 16. Be3 d6 17. O-O Kc7 18. Rb2 Na5 19. Bxb7 Nxb7 20. Bf4 e5 21. Bg5 f6 22. Rfb1 Rb8 23. Bc1 Na5 24. Kg2 Nc4 25. Rxb8 Rxb8 26. Rxb8 Kxb8 0-1